Les stations de la ligne 4 du métro parisien - Mort subite - Statistiques

Statistiques générales
  • Ce quiz a été pris 271 fois
  • Le résultat moyen est 11 sur 16
Answers on the Grid
Answers color-coded by a green-red scale on the quiz's grid according to % correct below.
Les Halles
Les Sablons
Alésia
Alexia
Châtelet
Stalingrad
Porte d'Orléans
Porte d'Ivry
Porte de Clignancourt
Porte de la Chapelle
Denfert-Rochereau
Saint-Jacques
Vavin
Edgar Quinet
Château Rouge
Château-Landon
Château d'Eau
Château de Vincennes
Saint-Michel
Saint-Marcel
Simplon
Simpson
Mairie de Montrouge
Mairie d'Issy
Barbès - Rochechouart
Pigalle
Cité
Concorde
Saint-Sulpice
Saint-Paul
Montparnasse - Bienvenüe
Gare d'Austerlitz
 
Statistiques - réponses
Réponse % Correct
Porte de Clignancourt
75%
Châtelet
73%
Cité
73%
Montparnasse - Bienvenüe
73%
Alésia
71%
Les Halles
71%
Saint-Sulpice
70%
Barbès - Rochechouart
69%
Château d'Eau
69%
Château Rouge
65%
Saint-Michel
65%
Denfert-Rochereau
63%
Porte d'Orléans
62%
Vavin
61%
Mairie de Montrouge
59%
Simplon
52%
Aucun quiz correspondant
Distribution des résultats
% des personnes avec chaque résultat
Percentile par nombre de réponses
Votre historique - résultats
Vous n’avez pas pris ce quiz